| 000 | 00944nam a22002537a 4500 | ||
|---|---|---|---|
| 005 | 20180228121206.0 | ||
| 010 | _a1617EN ENG-117131 | ||
| 020 |
_a9781138694965 _c1195.00 |
||
| 035 | _aB-650097-099 | ||
| 035 | _aEN-100663 | ||
| 035 | _aB-664925 | ||
| 037 |
_aDPL _bUPPAL |
||
| 037 | _bDBAD/PUB | ||
| 082 | _a882.08 | ||
| 245 |
_aShakespearean tragedy / _cedited by John Drakakis |
||
| 260 |
_aNew York _bRoutledge _c2016 |
||
| 270 |
_a711 third avenue _bNew York _eNY 10017 |
||
| 300 |
_axi,433p. _c25cm(pbk) |
||
| 500 | _aIncludes index | ||
| 700 | _aDrakakis, John | ||
| 942 |
_2ddc _cEN _h882.08 _mSHA |
||
| 999 |
_c102150 _d102150 |
||